000 00607nam a2200229Ia 4500
003 OSt
005 20221007063246.0
006 a|||||r|||| 00| 0
007 ta
008 221006b |||||||| |||| 00| 0 eng d
024 _a24,469
037 _cTextual
040 _aFLL
_cFLL
_beng
041 _2eng
_aeng
082 _aZ2,546, M0
100 _aMonteiro John B.
_9105847
245 0 _aCorruption in India
260 _aBombay
_bP.C. Manaktala & Sons Pvt. Ltd. India
_c1980
300 _a1-303p
_ccm.
942 _hZ2,546, M0
_cTEXL
_2CC
999 _c1130803
_d1130803